Sexualverhalten Jugendlicher heute: Ergebnisse einer repräsentativen Jugend- und Elternstudie über Verhalten und Einstellungen zur Sexualität
| Autor principal: | |
|---|---|
| Tipo de documento: | Print Libro |
| Lenguaje: | Alemán |
| Publicado: |
Weinheim München
Juventa-Verl.
1998
|
| En: | Año: 1998 |
| Acceso en línea: |
Índice Índice |
| Disponibilidad en Tübingen: | Disponible en Tübingen. IFK: E V 21 |
| Verificar disponibilidad: | HBZ Gateway |
| Servicio de pedido Subito: | Pedir ahora. |
| Palabras clave: |
MARC
| LEADER | 00000cam a2200000 c 4500 | ||
|---|---|---|---|
| 001 | 248323806 | ||
| 003 | DE-627 | ||
| 005 | 20260206152852.0 | ||
| 007 | tu | ||
| 008 | 980901s1998 gw ||||| 00| ||ger c | ||
| 015 | |a 98,N37,0304 |2 dnb | ||
| 015 | |a 98,A43,0370 |2 dnb | ||
| 016 | 7 | |a 95407078X |2 DE-101 | |
| 020 | |a 3779913909 |c : DM 34.80, sfr 34.80, S 254.00 (kart.) |9 3-7799-1390-9 | ||
| 035 | |a (DE-627)248323806 | ||
| 035 | |a (DE-603)05964706X | ||
| 035 | |a (DE-576)068401388 | ||
| 035 | |a (DE-599)DNB95407078X | ||
| 035 | |a (OCoLC)260105955 | ||
| 035 | |a (OCoLC)42849246 | ||
| 035 | |a (AT-OBV)AC02441673 | ||
| 040 | |a DE-627 |b ger |c DE-627 |e rakwb | ||
| 041 | |a ger | ||
| 044 | |c XA-DE | ||
| 084 | |a 14 |2 sdnb | ||
| 084 | |a 14 |a 11 |a 22 |2 sdnb | ||
| 084 | |a 5,2 |a 1 |2 ssgn | ||
| 084 | |a DU 3000 |2 rvk |0 (DE-625)rvk/20045:761 | ||
| 084 | |a MS 2450 |2 rvk |0 (DE-625)rvk/123639: | ||
| 084 | |a DG 5000 |2 rvk |0 (DE-625)rvk/19557: | ||
| 084 | |a 77.85 |2 bkl | ||
| 084 | |a 71.35 |2 bkl | ||
| 100 | 1 | |a Kluge, Norbert |d 1935-2022 |0 (DE-588)120433249 |0 (DE-627)080671276 |0 (DE-576)161746950 |4 aut | |
| 109 | |a Kluge, Norbert 1935-2022 | ||
| 245 | 1 | 0 | |a Sexualverhalten Jugendlicher heute |b Ergebnisse einer repräsentativen Jugend- und Elternstudie über Verhalten und Einstellungen zur Sexualität |c Norbert Kluge |
| 264 | 1 | |a Weinheim |a München |b Juventa-Verl. |c 1998 | |
| 300 | |a 224 S. |b graph. Darst. |c 23 cm | ||
| 336 | |a Text |b txt |2 rdacontent | ||
| 337 | |a ohne Hilfsmittel zu benutzen |b n |2 rdamedia | ||
| 338 | |a Band |b nc |2 rdacarrier | ||
| 490 | 0 | |a Juventa-Materialien | |
| 500 | |a Literaturverz. S. 221 - 224 | ||
| 583 | 1 | |a Archivierung/Langzeitarchivierung gewährleistet |f PEBW |x XA-DE-BW |2 pdager |5 DE-31 | |
| 583 | 1 | |a Archivierung/Langzeitarchivierung gewährleistet |f SSG |x XA-DE-BW |2 pdager |5 DE-21 | |
| 648 | 7 | |a Geschichte 1994 |2 gnd | |
| 648 | 4 | |a Geschichte 1994 | |
| 648 | 4 | |a Geschichte 1980-1994 | |
| 650 | 4 | |a Sexualität | |
| 650 | 4 | |a Jugendliche | |
| 650 | 4 | |a Jugendsoziologie | |
| 650 | 4 | |a Pubertät | |
| 650 | 4 | |a Adoleszenz | |
| 650 | 4 | |a Sexualerziehung | |
| 689 | 0 | 0 | |d g |0 (DE-588)4011882-4 |0 (DE-627)104704861 |0 (DE-576)208896155 |a Deutschland |2 gnd |
| 689 | 0 | 1 | |d s |0 (DE-588)4327134-0 |0 (DE-627)131457748 |0 (DE-576)211278378 |a Jugend |g 14-18 Jahre |2 gnd |
| 689 | 0 | 2 | |d s |0 (DE-588)4116485-4 |0 (DE-627)105806315 |0 (DE-576)209501987 |a Sexualverhalten |2 gnd |
| 689 | 0 | 3 | |d s |0 (DE-588)4005227-8 |0 (DE-627)104768029 |0 (DE-576)208859845 |a Umfrage |2 gnd |
| 689 | 0 | 4 | |a z |2 gnd |a Geschichte 1994 |
| 689 | 0 | |5 DE-101 | |
| 689 | 1 | 0 | |d g |0 (DE-588)4243718-0 |0 (DE-627)10419541X |0 (DE-576)210456922 |a Deutschland |g Westliche Länder |2 gnd |
| 689 | 1 | 1 | |a z |2 gnd |a Geschichte 1980-1994 |
| 689 | 1 | |5 DE-101 | |
| 856 | 4 | 2 | |u http://www.gbv.de/dms/hbz/toc/ht009051927.pdf |m V:DE-605 |q pdf/application |v 2008-11-15 |x Verlag |y Inhaltsverzeichnis |3 Inhaltsverzeichnis |7 1 |
| 856 | 4 | 2 | |u http://scans.hebis.de/HEBCGI/show.pl?05964706_toc.pdf |m V:DE-605 |q application/pdf |3 Inhaltsverzeichnis |7 1 |
| 935 | |a mteo | ||
| 935 | |i Blocktest | ||
| 935 | |h HEB |i 0501 | ||
| 935 | |h HEB |i 0503 | ||
| 936 | r | v | |a DU 3000 |b Allgemeines und Deutschland |k Pädagogik |k Pädagogische Soziologie |k Jugendsoziologie |k Allgemeines und Deutschland |0 (DE-627)1270809784 |0 (DE-625)rvk/20045:761 |0 (DE-576)200809784 |
| 936 | r | v | |a MS 2450 |b Sexualverhalten der Jugendlichen |k Soziologie |k Spezielle Soziologien |k Jugendsoziologie |k Sexualverhalten der Jugendlichen |0 (DE-627)1271441012 |0 (DE-625)rvk/123639: |0 (DE-576)201441012 |
| 936 | r | v | |a DG 5000 |b Sexualerziehung |k Pädagogik |k Spezialfragen der Erziehung |k Sexualerziehung |0 (DE-627)1270769472 |0 (DE-625)rvk/19557: |0 (DE-576)200769472 |
| 936 | b | k | |a 77.85 |j Sexualpsychologie |0 (DE-627)10641643X |
| 936 | b | k | |a 71.35 |j Kindersoziologie |j Jugendsoziologie |0 (DE-627)106412698 |
| 936 | s | n | |a d100 |2 mzub |
| 936 | s | n | |a m200 |2 mzub |
| 936 | s | n | |a c200 |2 mzub |
| 951 | |a BO | ||
| ELC | |b 1 | ||
| LOK | |0 000 xxxxxcx a22 zn 4500 | ||
| LOK | |0 001 3266085531 | ||
| LOK | |0 003 DE-627 | ||
| LOK | |0 004 248323806 | ||
| LOK | |0 005 20020411000000 | ||
| LOK | |0 008 990623||||||||||||||||ger||||||| | ||
| LOK | |0 040 |a DE-21-110 |c DE-627 |d DE-21-110 | ||
| LOK | |0 852 |a DE-21-110 | ||
| LOK | |0 852 1 |c E V 21 |m p |9 00 | ||
| LOK | |0 935 |a k110 | ||
| LOK | |0 936ln |a 9.5.1 | ||
| LOK | |0 938 |k p | ||
| LOK | |0 939 |a 23-06-99 |b l01 | ||
| ORI | |a SA-MARC-krimdoka001.raw | ||
| SIG | |a IFK: E V 21 | ||
| TIM | |a 100019940101_100019941231 |b Geschichte 1994 | ||
